LIBRARY ONLINE CATALOGUE

The Pelican brief (Record no. 15558)

MARC details
000 -LEADER
fixed length control field 00632cgm a22002051 4500
001 - CONTROL NUMBER
control field 0000018472
005 - DATE AND TIME OF LATEST TRANSACTION
control field 20151217161727.0
007 - PHYSICAL DESCRIPTION FIXED FIELD--GENERAL INFORMATION
fixed length control field vf cbahou
008 - FIXED-LENGTH DATA ELEMENTS--GENERAL INFORMATION
fixed length control field 091122s xx--- vleng d
040 ## - CATALOGING SOURCE
Original cataloging agency KABU
Transcribing agency KABU
245 04 - TITLE STATEMENT
Title The Pelican brief
Medium [videorecording] /
Statement of responsibility, etc. Warner Bros.
260 ## - PUBLICATION, DISTRIBUTION, ETC. (IMPRINT)
Place of publication, distribution, etc. London :
Name of publisher, distributor, etc. Warner Bros,
Date of publication, distribution, etc. 1993.
300 ## - PHYSICAL DESCRIPTION
Extent 1 videocassette (135 min.) :
Other physical details sd., col ;
Dimensions 1/2 in.
538 ## - SYSTEM DETAILS NOTE
System details note VHS.
700 1# - ADDED ENTRY--PERSONAL NAME
Personal name Washington, Denzel,
Dates associated with a name 1954-.
-- 0000049276
700 1# - ADDED ENTRY--PERSONAL NAME
Personal name Roberts, Julia.
-- 0000177743
852 1# - LOCATION
-- p450 KES
908 ## - PUT COMMAND PARAMETER (RLIN)
Put command parameter 091122
950 ## - LOCAL HOLDINGS (RLIN)
-- 1
Holdings
Withdrawn status Lost status Source of classification or shelving scheme Not for loan Home library Current library Date acquired Total Checkouts Full call number Barcode Date last seen Price effective from Koha item type
    Library of Congress Classification   Kabarak, Main Campus Kabarak, Main Campus 17/12/2015   PN1993.934 .G74P45 1993 c. 1 18294 17/12/2015 17/12/2015 Visual Materials